| 000 | 00627nam a2200193 i 4500 | ||
|---|---|---|---|
| 001 | 162003 | ||
| 003 | ES-MaACL | ||
| 005 | 20230906212413.0 | ||
| 008 | 020409s1900 sp |||| | spa d | ||
| 080 | _a270"18" | ||
| 100 | 1 |
_aPey Ordeix, Segismundo. _991586 |
|
| 245 | 1 | 4 |
_aLos errores del Cardenal Casañas en el Edicto de condenación de "El Urbión" / _cpor Segismundo Pey-Ordeix. |
| 260 |
_aBarcelona : _b[s.n.], _c1900 ( _fImp. Antoniana) |
||
| 300 |
_a149 p. ; _c21 cm. |
||
| 596 | _aColofón. | ||
| 597 | _aPort. con grab. | ||
| 650 | 4 |
_aIglesia y prensa- _xIglesia Católica. _9166805 |
|
| 852 |
_aES-MaACL _jD-1192 |
||
| 999 |
_c162003 _d162003 |
||